• 首页
  • 本馆介绍
  • 公告通知
  • 最新文献
  • 馆藏检索
  • 电子资源
  • 读者导购
  • 参考咨询
  • 我的图书馆
  • 登录
  • 详细信息显示
  • 放入我的书架
  • 预约/预借图书
  • 作者相关作品
  • 分类相关作品
  • 丛书相关作品
  • 出版社相关作品

书目信息

  • 表格格式
  • 工作单格式
  • 卡片格式
题名:
古今中西交汇处的近代学术
    
 
作者: 李帆 著
分册:  
出版信息: 北京   北京师范大学出版社  2010.1
页数: 256页
开本: 23cm
丛书名: 北京师范大学史学探索丛书
单 册:
中图分类: B250.5
科图分类:
主题词: 学术思想--思想史--研究--中国--近代 , 学术思想
电子资源:
ISBN: 978-7-303-10987-6
000 01025oam2 22002771 45
001 1360075796
005 20130530094714.93
010    @a978-7-303-10987-6@dCNY32.00
100    @a20130513d2010 em y0chiy50 ea
101 0  @achi
102    @aCN@b110000
105    @ay z 000yy
106    @ar
200 1  @a古今中西交汇处的近代学术@AGu Jin Zhong Xi Jiao Hui Chu De Jin Dai Xue Shu@f李帆著@FLi Fan Zhu
210    @a北京@c北京师范大学出版社@d2010.1
215    @a256页@d23cm
225 2  @a北京师范大学史学探索丛书
308    @a丛书第二辑
330    @a本书共分上、下两篇,内容包括:中国近代学术史研究的若干思考、清代嘉道之际的汉宋之争与汉宋兼采、近代中国学术史上的戴震、严复论中西学术、“文化形态史观”的东渐、仪征刘氏学术述略、再论刘师培对拉克伯里等学说的接受与阐发等。
461  0 @12001 @a北京师范大学史学探索丛书
606 0  @a学术思想@x思想史@x研究@y中国@z近代
606 0  @a学术思想
690    @aB250.5@v5
701  0 @a李帆@ALi Fan@4著
801    @aCN@bTANGWEI@c20130522
905    @b0833828 -31@dB250.5@e57@f4
    
    古今中西交汇处的近代学术/李帆著.-北京:北京师范大学出版社,2010.1
    256页;23cm.-(北京师范大学史学探索丛书)
    
    
    ISBN 978-7-303-10987-6:CNY32.00
    本书共分上、下两篇,内容包括:中国近代学术史研究的若干思考、清代嘉道之际的汉宋之争与汉宋兼采、近代中国学术史上的戴震、严复论中西学术、“文化形态史观”的东渐、仪征刘氏学术述略、再论刘师培对拉克伯里等学说的接受与阐发等。
●
相关链接 在E读中查询图书 在五车中查询图书 在当当中查询图书 在豆瓣中查询图书


正题名:古今中西交汇处的近代学术     索取号:B250.5/57         预约/预借

序号 登录号 条形码 馆藏地/架位号 状态 备注
1 0833828   208338280   第一样本阅览室/ [索取号:B250.5/57] 在馆    
2 0833829   208338299   第一借阅区/ [索取号:B250.5/57] 在馆    
3 0833830   208338306   第一借阅区/ [索取号:B250.5/57] 在馆    
4 0833831   208338315   第一借阅区/ [索取号:B250.5/57] 在馆    
唐山师范学院图书馆 欢迎您!
大连网信软件有限公司© 版权所有